000 00715nam a2200241 i 4500
001 15510
003 ES-MaACL
005 20230906151109.0
007 t|
008 000327s1998 sp ||||0| spa j
020 _a84-414-0293-0
040 _aM-BN
_bspa
_cM-BN
080 _a791.862
100 1 _aPedraza Jiménez, Felipe B.
_989890
245 1 0 _aIniciación a la fiesta de los toros /
_cFelipe B. Pedraza Jiménez.
260 _aMadrid :
_bEdaf,
_c[1998]
300 _a288 p., [24] p. de lám :
_bil ;
_c20 cm.
490 1 _aBiblioteca Edaf ;
_v224
650 1 4 _aTauromaquia.
_917288
830 0 _aBiblioteca Edaf ;
_v224
_9179778
852 _aES-MaACL
_jL-22808
_bR.127991
999 _c15510
_d15510